000 00251nmm a2200085Ia 4500
008 220120s9999||||xx |||||||||||||||||und||
100 _aPCQ
245 0 _aVideo tutorials: android application development, free games
260 _aCyber media Pvt. Ltd.
_c2015
999 _c139974
_d139974